[Event "CAN-ch w"]
[Site "Toronto CAN"]
[Date "2025.04.21"]
[Round "8.12"]
[White "Chen, Shuang"]
[Black "Sreekumar, Gauri"]
[Result "1-0"]
[WhiteElo "1723"]
[BlackElo "1674"]
[WhiteFideId "-1"]
[WhiteFideId "-1"]
[PlyCount "43"]
[GameId "2172161903622801"]
[EventDate "2025.04.17"]
[EventType "swiss"]
[EventRounds "9"]
[EventCountry "CAN"]

1. e4 c5 2. Nf3 g6 3. c3 d5 4. exd5 Qxd5 5. d4 Nf6 6. Nbd2 cxd4 7. Bc4 Qd8 8. Nxd4 Bg7 9. O-O O-O 10. N2f3 Nbd7 11. Bf4 Nb6 12. Bb3 Nfd5 13. Bg3 Kh8 14. Re1 Bg4 15. Qd2 Bxf3 16. Nxf3 e6 17. Rad1 Qe8 18. Bd6 Rg8 19. Qc1 Qd7 20. Ne5 Bxe5 21. Bxe5+ f6 22. Bxf6+ 1-0

[Event "CAN-ch w"]
[Site "Toronto CAN"]
[Date "2025.04.21"]
[Round "8.13"]
[White "Li, Alyssa"]
[Black "Yancey, Alice"]
[Result "1-0"]
[WhiteElo "1464"]
[BlackElo "1690"]
[WhiteFideId "-1"]
[WhiteFideId "-1"]
[PlyCount "155"]
[GameId "2172162972609177"]
[EventDate "2025.04.17"]
[EventType "swiss"]
[EventRounds "9"]
[EventCountry "CAN"]

1. e4 c5 2. Nc3 e6 3. f4 d5 4. Bb5+ Nc6 5. Nf3 Nf6 6. e5 Nd7 7. d4 a6 8. Bxc6 bxc6 9. O-O a5 10. Be3 cxd4 11. Bxd4 Rb8 12. Rb1 Ba6 13. Re1 Be7 14. Bf2 O-O 15. Nd4 Qc7 16. Qh5 g6 17. Qh6 Rfe8 18. Bh4 Bc5 19. Bf2 Qa7 20. Red1 Rb4 21. Nxc6 Bxf2+ 22. Kh1 Qb6 23. Nxb4 Qxb4 24. a3 Qb7 25. Qh3 Rc8 26. Qf3 Ba7 27. Rd2 Nb6 28. Rdd1 Nc4 29. Rd3 Qc6 30. Rdd1 Rb8 31. b3 Nb6 32. Rdc1 Nd7 33. b4 axb4 34. axb4 Qc4 35. Rb3 Rxb4 36. Rxb4 Qxb4 37. Ra1 Qb7 38. Rb1 Qc6 39. Rc1 Qc4 40. Rd1 Bd4 41. Ne2 Qxe2 42. Qxe2 Bxe2 43. Rxd4 Kf8 44. Kg1 Ke7 45. Kf2 Bc4 46. Kg3 Nc5 47. Kg4 Ne4 48. h4 Kd7 49. Kf3 Nc5 50. Rd1 Ke7 51. Ra1 Kf8 52. g4 Kg7 53. g5 Nb7 54. Ra7 Nd8 55. Rc7 Bf1 56. Kg3 Kf8 57. Ra7 Nc6 58. Ra8+ Kg7 59. Rc8 Ne7 60. Rc7 Nf5+ 61. Kg4 Bc4 62. Kh3 Ne3 63. c3 Nd1 64. Kg3 Nxc3 65. Kf2 Nd1+ 66. Ke1 Ne3 67. Kf2 Nf5 68. Kf3 Nxh4+ 69. Kg4 Nf5 70. Kf3 h5 71. gxh6+ Nxh6 72. Ke3 Kf8 73. Kd4 Nf5+ 74. Kc5 Be2 75. Rc8+ Kg7 76. Kb4 Bh5 77. Kc3 g5 78. fxg5 1-0

[Event "CAN-ch w"]
[Site "Toronto CAN"]
[Date "2025.04.21"]
[Round "8.14"]
[White "Abbarin, Shabnam"]
[Black "Butenko, Zlata"]
[Result "0-1"]
[WhiteElo "1579"]
[BlackElo "1764"]
[WhiteFideId "-1"]
[WhiteFideId "-1"]
[PlyCount "132"]
[GameId "2172167493229220"]
[EventDate "2025.04.17"]
[EventType "swiss"]
[EventRounds "9"]
[EventCountry "CAN"]

1. e4 e5 2. Nf3 Nc6 3. d4 exd4 4. Nxd4 Bc5 5. Be3 Qf6 6. c3 Nge7 7. Be2 d5 8. Bf3 dxe4 9. Bxe4 Bb6 10. O-O O-O 11. Nxc6 bxc6 12. Bxb6 axb6 13. Nd2 Rd8 14. Qc2 Kh8 15. Nb3 Nf5 16. Rad1 Re8 17. Qb1 Nh4 18. Nd4 Bb7 19. g3 Ng6 20. Rfe1 Ne5 21. Bg2 Rab8 22. f4 Nc4 23. Rxe8+ Rxe8 24. Re1 Re7 25. b3 Ne3 26. Bh1 c5 27. Bxb7 cxd4 28. Qd3 Ng4 29. Rxe7 Qxe7 30. Qxd4 Qe1+ 31. Kg2 Qe2+ 32. Kh3 Nf2+ 33. Kg2 Ng4+ 34. Kh3 h5 35. Kh4 Qxh2+ 36. Kg5 Qe2 37. Be4 Nh6 38. Qd8+ Ng8 39. Qd7 Qxe4 40. Qxf7 Qe7+ 41. Qxe7 Nxe7 42. Kxh5 Nd5 43. c4 Nb4 44. a4 Kg8 45. Kg6 Nd3 46. g4 Nxf4+ 47. Kf5 Nd3 48. g5 Nc5 49. g6 Nxb3 50. Ke5 Nc5 51. Kd5 Nxa4 52. Kc6 Nb2 53. c5 bxc5 54. Kxc5 Nd3+ 55. Kc6 Ne5+ 56. Kxc7 Nxg6 57. Kd6 Kf7 58. Kd5 Kf6 59. Ke4 Ne5 60. Kf4 g5+ 61. Kg3 Kf5 62. Kg2 Kf4 63. Kf2 g4 64. Kg1 Kf3 65. Kf1 g3 66. Kg1 g2 0-1

[Event "CAN-ch w"]
[Site "Toronto CAN"]
[Date "2025.04.21"]
[Round "8.15"]
[White "Poorna Prakash, Roshini"]
[Black "Cloutier, Annabelle"]
[Result "1/2-1/2"]
[WhiteElo "1748"]
[BlackElo "1401"]
[WhiteFideId "-1"]
[WhiteFideId "-1"]
[PlyCount "68"]
[GameId "2172306839087791"]
[EventDate "2025.04.17"]
[EventType "swiss"]
[EventRounds "9"]
[EventCountry "CAN"]

1. d4 Nf6 2. Nf3 c5 3. c3 e6 4. Bg5 Be7 5. e3 O-O 6. Bd3 h6 7. Bh4 cxd4 8. exd4 Nc6 9. O-O Qc7 10. Nbd2 d5 11. Re1 Re8 12. Bc2 Nd7 13. Bg3 Bd6 14. Qe2 Bxg3 15. hxg3 e5 16. dxe5 Ndxe5 17. Nxe5 Nxe5 18. f4 Bg4 19. Qb5 Nc6 20. Qd3 g6 21. Nb3 Bf5 22. Qd2 Bxc2 23. Qxc2 Qb6+ 24. Qf2 Qxf2+ 25. Kxf2 Rxe1 26. Rxe1 Rd8 27. Rd1 Kg7 28. Nd4 a6 29. b3 Kf6 30. Kf3 Re8 31. g4 Ke7 32. Nc2 Ke6 33. Ne3 Rd8 34. Nc2 Re8 1/2-1/2

[Event "CAN-ch w"]
[Site "Toronto CAN"]
[Date "2025.04.21"]
[Round "8.16"]
[White "Guan, Isabelle"]
[Black "Wangluo, Joanne"]
[Result "1/2-1/2"]
[WhiteElo "1454"]
[BlackElo "1541"]
[WhiteFideId "-1"]
[WhiteFideId "-1"]
[PlyCount "131"]
[GameId "2172308029926071"]
[EventDate "2025.04.17"]
[EventType "swiss"]
[EventRounds "9"]
[EventCountry "CAN"]

1. e4 c5 2. Nf3 e6 3. d4 cxd4 4. Nxd4 a6 5. Nc3 b5 6. a3 Bb7 7. Bd3 d6 8. Be3 Nf6 9. Bg5 Be7 10. Qd2 Nbd7 11. O-O O-O 12. Rae1 Re8 13. Nf3 Rc8 14. Qf4 Nh5 15. Qe3 Bxg5 16. Nxg5 h6 17. Nf3 Nhf6 18. h3 Qb6 19. Qd2 Nc5 20. b4 Nxd3 21. cxd3 Rc7 22. Rc1 Rec8 23. Kh1 d5 24. e5 Nd7 25. d4 a5 26. Qe3 axb4 27. axb4 Rc4 28. Na2 Ra8 29. Ra1 Nb8 30. Nd2 Rc2 31. Nc3 Rxa1 32. Rxa1 Rb2 33. Rb1 Rxb1+ 34. Ncxb1 Nc6 35. Nf3 Nxb4 36. Qb3 Nc6 37. Nc3 Nxd4 38. Nxd4 Qxd4 39. Nxb5 Qxe5 40. Qb4 Ba6 41. Nd6 Kh7 42. Nxf7 Qf6 43. Nd6 Qxf2 44. Qb1+ g6 45. Ne8 Qf1+ 46. Qxf1 Bxf1 47. Kg1 Bc4 48. Kf2 Kg8 49. Nf6+ Kg7 50. Nd7 Kf7 51. Ke3 Ke7 52. Ne5 Kf6 53. Nd7+ Kf5 54. g4+ Kg5 55. Kf3 d4 56. Nc5 Bd5+ 57. Kg3 e5 58. Nd7 h5 59. h4+ Kh6 60. g5+ Kg7 61. Nxe5 Be4 62. Kf4 Bf5 63. Kf3 Kf8 64. Kf4 Ke8 65. Kf3 Kf8 66. Kf4 1/2-1/2

[Event "CAN-ch w"]
[Site "Toronto CAN"]
[Date "2025.04.21"]
[Round "8.17"]
[White "Kamath, Nikita"]
[Black "Geillon-Barral, Roween"]
[Result "1-0"]
[WhiteElo "1607"]
[BlackElo "1448"]
[WhiteFideId "-1"]
[WhiteFideId "-1"]
[PlyCount "97"]
[GameId "2172312203721410"]
[EventDate "2025.04.17"]
[EventType "swiss"]
[EventRounds "9"]
[EventCountry "CAN"]

1. d4 d5 2. Bg5 f6 3. Bh4 Nc6 4. e3 e5 5. c3 a6 6. Bd3 Nh6 7. Nd2 e4 8. Bc2 Nf5 9. Bg3 Nxg3 10. hxg3 Be6 11. c4 f5 12. cxd5 Bxd5 13. g4 Qf6 14. gxf5 Qxf5 15. Ne2 Bb4 16. Ng3 Bxd2+ 17. Qxd2 Qg6 18. a3 a5 19. Qe2 Qe6 20. Qb5 O-O-O 21. Qe2 g6 22. Rh4 Ne7 23. Nxe4 Nf5 24. Ng5 Qe7 25. Bxf5+ gxf5 26. Qh5 h6 27. Nf3 Bxf3 28. gxf3 Qf6 29. Rf4 Rd5 30. Rd1 Rg8 31. Ke2 Kb8 32. Rh1 Rh8 33. Qh3 Qa6+ 34. Kd2 Qb5 35. Rb1 c5 36. Rxf5 cxd4 37. Qg3+ Ka7 38. Rxd5 Qxd5 39. e4 Qa2 40. Qe5 Qxb1 41. Qxa5+ Kb8 42. Qe5+ Kc8 43. Qxh8+ Kc7 44. Qxd4 Qg1 45. e5 h5 46. e6 Qg5+ 47. f4 Qe7 48. Qe5+ Kd8 49. Qb8# 1-0

[Event "CAN-ch w"]
[Site "Toronto CAN"]
[Date "2025.04.21"]
[Round "8.18"]
[White "Malaviya, Bhakti"]
[Black "Dolderman, Clara"]
[Result "1-0"]
[WhiteElo "1486"]
[BlackElo "1474"]
[WhiteFideId "-1"]
[WhiteFideId "-1"]
[PlyCount "111"]
[GameId "2172314363644618"]
[EventDate "2025.04.17"]
[EventType "swiss"]
[EventRounds "9"]
[EventCountry "CAN"]

1. e4 e6 2. d4 d5 3. Nd2 c5 4. c3 Nf6 5. e5 Nfd7 6. Ngf3 Nc6 7. Bd3 Be7 8. O-O a6 9. Bc2 b5 10. a3 O-O 11. Re1 f6 12. exf6 Rxf6 13. Ng5 Nf8 14. Qh5 h6 15. Ndf3 Bd7 16. Nh3 Qe8 17. Qg4 e5 18. Qg3 e4 19. Ne5 cxd4 20. Nxc6 Rg6 21. Qe5 Bxc6 22. Qxd4 Ne6 23. Qe3 Bc5 24. Qe2 Qd7 25. Qh5 Qf7 26. Bd1 Rf8 27. Be3 d4 28. cxd4 Bxd4 29. Bxd4 Nxd4 30. Re3 Nc2 31. Bxc2 Rxg2+ 32. Kxg2 Qxh5 33. Rd1 Qg6+ 34. Kf1 Qe6 35. Bb3 Qf7 36. Bxf7+ Kxf7 37. Rd6 Be8 38. Rxe4 Kg8 39. Rd8 Bg6 40. Rxf8+ Kxf8 41. Re6 Bf5 42. Re3 g5 43. Rf3 Kg7 44. Rxf5 Kg6 45. Rc5 Kh5 46. Rc6 g4 47. Nf4+ Kg5 48. Ne6+ Kh4 49. Rxa6 h5 50. Nd4 Kh3 51. Kg1 h4 52. Nxb5 g3 53. fxg3 hxg3 54. hxg3 Kxg3 55. Rh6 Kf3 56. a4 1-0

[Event "CAN-ch w"]
[Site "Toronto CAN"]
[Date "2025.04.21"]
[Round "8.19"]
[White "Yuan, Arianna"]
[Black "Auger, Anastasia"]
[Result "1-0"]
[WhiteElo "1421"]
[BlackElo "1618"]
[WhiteFideId "-1"]
[WhiteFideId "-1"]
[PlyCount "91"]
[GameId "2172318340680402"]
[EventDate "2025.04.17"]
[EventType "swiss"]
[EventRounds "9"]
[EventCountry "CAN"]

1. e4 e6 2. d4 d5 3. e5 c5 4. c3 Nc6 5. Nf3 Bd7 6. Bd3 Qb6 7. Bc2 cxd4 8. cxd4 Nge7 9. O-O Nf5 10. Ba4 Ncxd4 11. Nxd4 Nxd4 12. Bxd7+ Kxd7 13. Be3 Bc5 14. Nc3 Qd8 15. Bxd4 Bxd4 16. Qxd4 Qg5 17. Qa4+ Ke7 18. Qb4+ Ke8 19. Qxb7 Rd8 20. Qc7 a6 21. Rfe1 h5 22. Rad1 h4 23. Ne4 dxe4 24. h3 Rh6 25. Qc6+ Kf8 26. Qxe4 Rxd1 27. Rxd1 f5 28. Qa8+ Kf7 29. Qxa6 Rg6 30. Qa8 Qe7 31. Qc6 Kg8 32. a4 Qb4 33. Rb1 Qa5 34. Qd6 Qa8 35. f3 Qxf3 36. Qd8+ Kf7 37. Qd7+ Kg8 38. Qe8+ Kh7 39. Qxg6+ Kxg6 40. gxf3 Kg5 41. a5 Kf4 42. a6 Kxf3 43. a7 Kg3 44. a8=Q g5 45. Rf1 Kxh3 46. Qg2# 1-0

[Event "CAN-ch w"]
[Site "Toronto CAN"]
[Date "2025.04.21"]
[Round "8.20"]
[White "Divadalage, Sanya"]
[Black "Hitchlock, Veronica"]
[Result "1-0"]
[WhiteElo "1424"]
[BlackElo "1644"]
[WhiteFideId "-1"]
[WhiteFideId "-1"]
[PlyCount "55"]
[GameId "2172324006623968"]
[EventDate "2025.04.17"]
[EventType "swiss"]
[EventRounds "9"]
[EventCountry "CAN"]

1. c4 e5 2. Nc3 Nf6 3. e4 Nc6 4. g3 d6 5. Bg2 g6 6. Nge2 Bg7 7. O-O O-O 8. h3 Nh5 9. f4 exf4 10. gxf4 Nd4 11. d3 Qh4 12. Kh2 f5 13. Rb1 fxe4 14. dxe4 Ne6 15. f5 Be5+ 16. Kg1 Nef4 17. Nxf4 Nxf4 18. Bxf4 Bxf4 19. Nd5 Be5 20. Nxc7 Rb8 21. Qd5+ Kg7 22. fxg6 hxg6 23. Rxf8 Kxf8 24. Rf1+ Bf4 25. Qxd6+ Kg7 26. Rxf4 Qg5 27. Qf8+ Kh7 28. Rf7# 1-0

[Event "CAN-ch w"]
[Site "Toronto CAN"]
[Date "2025.04.21"]
[Round "8.21"]
[White "Yeung, Marissa"]
[Black "Sreekumar, Gayathri"]
[Result "0-1"]
[WhiteElo "1413"]
[BlackElo "1485"]
[WhiteFideId "-1"]
[WhiteFideId "-1"]
[PlyCount "78"]
[GameId "2172325140019944"]
[EventDate "2025.04.17"]
[EventType "swiss"]
[EventRounds "9"]
[EventCountry "CAN"]

1. e4 c5 2. Nf3 d6 3. d4 cxd4 4. Nxd4 Nf6 5. Nc3 Nc6 6. Nf3 g6 7. Bc4 Bg7 8. O-O O-O 9. Re1 Bg4 10. b3 Nxe4 11. Rxe4 Bxc3 12. Rb1 Bf5 13. Re3 Bg7 14. Bb2 Nb4 15. Bxg7 Kxg7 16. Rb2 Nc6 17. Bd5 e5 18. Rc3 Rc8 19. Bxc6 Rxc6 20. Rxc6 bxc6 21. c4 Qf6 22. Rd2 Rd8 23. c5 d5 24. Qa1 d4 25. h3 Bxh3 26. Nxe5 Qxe5 27. gxh3 Qg5+ 28. Kf1 Qxd2 29. h4 Re8 30. Qb1 Qe2+ 31. Kg2 Qe4+ 32. Qxe4 Rxe4 33. Kg3 d3 34. f3 Re8 35. Kf2 d2 36. Kg3 d1=Q 37. Kh3 Qxf3+ 38. Kh2 Re2+ 39. Kg1 Qg2# 0-1

[Event "CAN-ch w"]
[Site "Toronto CAN"]
[Date "2025.04.22"]
[Round "9.1"]
[White "Li, Yunshan"]
[Black "Demchenko, Svitlana"]
[Result "1-0"]
[WhiteElo "2233"]
[BlackElo "2130"]
[WhiteFideId "-1"]
[WhiteFideId "-1"]
[PlyCount "71"]
[GameId "2170886505829889"]
[EventDate "2025.04.17"]
[EventType "swiss"]
[EventRounds "9"]
[EventCountry "CAN"]

1. d4 d5 2. c4 c6 3. cxd5 cxd5 4. Bf4 Nf6 5. e3 Nc6 6. Nc3 Bf5 7. Qb3 Na5 8. Qa4+ Bd7 9. Bb5 e6 10. Nf3 a6 11. Bxd7+ Nxd7 12. O-O b5 13. Qc2 Rc8 14. Qe2 Be7 15. e4 dxe4 16. Nxe4 O-O 17. a4 Qb6 18. axb5 axb5 19. d5 Nb3 20. Be3 Ndc5 21. Rad1 exd5 22. Nc3 b4 23. Nxd5 Qb7 24. Qc4 Rfe8 25. Nxe7+ Rxe7 26. Bxc5 Nxc5 27. Qxc5 Rec7 28. Qd5 Qb8 29. Qb3 Qb5 30. Rd4 Qe2 31. Qxb4 Rc2 32. Rd2 Rxd2 33. Qxd2 Qxd2 34. Nxd2 Rc2 35. Rd1 Rxb2 36. Rb1 1-0

[Event "CAN-ch w"]
[Site "Toronto CAN"]
[Date "2025.04.22"]
[Round "9.2"]
[White "Qian, Ashley"]
[Black "Deepak, Laksshana"]
[Result "0-1"]
[WhiteElo "1943"]
[BlackElo "1854"]
[WhiteFideId "-1"]
[WhiteFideId "-1"]
[PlyCount "80"]
[GameId "2170886505829890"]
[EventDate "2025.04.17"]
[EventType "swiss"]
[EventRounds "9"]
[EventCountry "CAN"]

1. e4 e6 2. d4 d5 3. Nd2 Nf6 4. e5 Nfd7 5. Bd3 c5 6. c3 Nc6 7. Ne2 cxd4 8. cxd4 f6 9. exf6 Nxf6 10. Nf3 Bd6 11. O-O Qc7 12. Bg5 O-O 13. Rc1 Bd7 14. Qc2 h6 15. Bh4 Be8 16. Bg3 Bh5 17. Ne5 Bxe2 18. Qxe2 Nxd4 19. Qe3 Qb6 20. Nc6 Bxg3 21. Nxd4 Bxh2+ 22. Kh1 Rae8 23. Bg6 Ng4 24. Qd3 Ne5 25. Qd2 Bf4 26. Qc2 Nxg6 27. Qxg6 Bxc1 28. Rxc1 Qxd4 29. Rc7 Qh4+ 30. Kg1 Qxf2+ 31. Kh1 Qf1+ 32. Kh2 Qf4+ 33. Kh1 Qxc7 34. Kg1 d4 35. a4 Qc1+ 36. Kh2 Qf4+ 37. Kh1 Rc8 38. Qxe6+ Kh8 39. Kg1 Rc1+ 40. Qe1 Rxe1# 0-1

[Event "CAN-ch w"]
[Site "Toronto CAN"]
[Date "2025.04.22"]
[Round "9.3"]
[White "Mills, Morgen"]
[Black "Golubeva, Oksana"]
[Result "1-0"]
[WhiteElo "2013"]
[BlackElo "2132"]
[WhiteFideId "-1"]
[WhiteFideId "-1"]
[PlyCount "93"]
[GameId "2170886505829891"]
[EventDate "2025.04.17"]
[EventType "swiss"]
[EventRounds "9"]
[EventCountry "CAN"]

1. e4 e6 2. d4 d5 3. Nc3 Bb4 4. Bd3 dxe4 5. Bxe4 Nf6 6. Bf3 O-O 7. Nge2 e5 8. O-O Bxc3 9. Nxc3 exd4 10. Nb5 c5 11. Bf4 Na6 12. Nd6 Qb6 13. a4 Nb4 14. a5 Qc7 15. Bg3 Nc6 16. Nb5 Qd7 17. Bd6 Rd8 18. Bxc5 Qf5 19. b4 d3 20. Bxc6 bxc6 21. Nxa7 Bd7 22. Qxd3 Qxd3 23. cxd3 Nd5 24. Rfe1 Rdb8 25. a6 Nxb4 26. Red1 Nd5 27. g3 f6 28. Rdb1 Kf7 29. Rb7 Ke8 30. Rab1 Rxb7 31. axb7 Rb8 32. Bd6 Rd8 33. b8=Q Rxb8 34. Rxb8+ Kf7 35. Nc8 Ke6 36. Bc5 Ke5 37. Nb6 Bf5 38. Re8+ Be6 39. d4+ Kf5 40. g4+ Kxg4 41. Rxe6 Kf5 42. Rxc6 Nf4 43. d5 Nd3 44. d6 Ne5 45. Rc7 Nf3+ 46. Kg2 Nh4+ 47. Kh1 1-0

[Event "CAN-ch w"]
[Site "Toronto CAN"]
[Date "2025.04.22"]
[Round "9.4"]
[White "Zhang, Michelle"]
[Black "Ruchinskaya, Valerie"]
[Result "0-1"]
[WhiteElo "1793"]
[BlackElo "1880"]
[WhiteFideId "-1"]
[WhiteFideId "-1"]
[PlyCount "130"]
[GameId "2170886505829892"]
[EventDate "2025.04.17"]
[EventType "swiss"]
[EventRounds "9"]
[EventCountry "CAN"]

1. e4 e6 2. d4 d5 3. e5 c5 4. c3 Nc6 5. Nf3 Bd7 6. a3 f6 7. Bb5 Qc7 8. Bxc6 Bxc6 9. O-O O-O-O 10. b4 c4 11. a4 h6 12. b5 Be8 13. Ba3 Bh5 14. Qe2 f5 15. Bxf8 Rxf8 16. b6 Qxb6 17. Na3 a6 18. Rfb1 Qc7 19. Rb4 Be8 20. Rab1 Bc6 21. Nd2 Ne7 22. Qd1 g5 23. Nf1 f4 24. Qh5 Nf5 25. Qe2 h5 26. Qa2 g4 27. Nd2 Qe7 28. Ndxc4 dxc4 29. Nxc4 Qc7 30. Nb6+ Kb8 31. Qxe6 Rh6 32. Qc4 Be4 33. Re1 Rxb6 34. Qxc7+ Kxc7 35. Rxb6 Kxb6 36. Rxe4 Nh4 37. d5 Kc5 38. c4 Ng6 39. Kf1 Re8 40. e6 b5 41. axb5 axb5 42. cxb5 Kxd5 43. Rb4 Kc5 44. Rb1 Rxe6 45. f3 Ne7 46. fxg4 hxg4 47. Kf2 Nd5 48. Rb3 Nf6 49. Rb2 Ne4+ 50. Kf1 Nc3 51. Rf2 Nd5 52. Rb2 Nb4 53. b6 Rxb6 54. Rd2 Rd6 55. Re2 Kd5 56. Re7 Nd3 57. Ke2 Ne5 58. Ra7 Ke4 59. Ra4+ Rd4 60. Ra2 Rb4 61. Rc2 Nc4 62. h4 Ne3 63. Rc8 Rb2+ 64. Ke1 Nxg2+ 65. Kf1 Ke5 0-1

[Event "CAN-ch w"]
[Site "Toronto CAN"]
[Date "2025.04.22"]
[Round "9.5"]
[White "Zhou, Lily"]
[Black "Qiao, Cindy"]
[Result "0-1"]
[WhiteElo "1765"]
[BlackElo "1896"]
[WhiteFideId "-1"]
[WhiteFideId "-1"]
[PlyCount "94"]
[GameId "2170886505829893"]
[EventDate "2025.04.17"]
[EventType "swiss"]
[EventRounds "9"]
[EventCountry "CAN"]

1. d4 d5 2. c4 e6 3. Nc3 Nf6 4. cxd5 exd5 5. Bg5 Nbd7 6. e3 c6 7. Bd3 Be7 8. Nf3 Nh5 9. Bxe7 Qxe7 10. O-O O-O 11. Qc2 g6 12. Rab1 Nb6 13. Nd2 Ng7 14. b4 a6 15. a4 Bf5 16. Rfc1 Rfc8 17. Bxf5 Nxf5 18. Qd3 Qd6 19. Nb3 Re8 20. Nc5 Re7 21. b5 cxb5 22. axb5 a5 23. Ra1 Qd8 24. Ra2 Rc7 25. Rca1 Nc4 26. e4 dxe4 27. Qxc4 b6 28. N3xe4 Nxd4 29. h3 bxc5 30. Nc3 Rb7 31. Rb1 Ne6 32. Rba1 Qd4 33. Qb3 Qb4 34. Qc2 Nd4 35. Qd3 Nxb5 36. Nd5 Qd4 37. Qf3 Rba7 38. Nb6 Rb8 39. Nd5 a4 40. Nf6+ Kg7 41. Ne4 Re8 42. Ng3 Re5 43. Rd1 Qc4 44. Raa1 a3 45. Kh2 h5 46. Qc6 Nd4 47. Qb6 Ra6 0-1

[Event "CAN-ch w"]
[Site "Toronto CAN"]
[Date "2025.04.22"]
[Round "9.6"]
[White "Chen, Shuang"]
[Black "Dela Torre, Marife"]
[Result "0-1"]
[WhiteElo "1723"]
[BlackElo "1789"]
[WhiteFideId "-1"]
[WhiteFideId "-1"]
[PlyCount "74"]
[GameId "2170886505829894"]
[EventDate "2025.04.17"]
[EventType "swiss"]
[EventRounds "9"]
[EventCountry "CAN"]

1. e4 c6 2. d4 d5 3. exd5 cxd5 4. Bf4 Nc6 5. c3 Bf5 6. Nf3 e6 7. Bd3 Bxd3 8. Qxd3 Bd6 9. Bxd6 Qxd6 10. Nbd2 Nf6 11. O-O O-O 12. Rae1 Rab8 13. Ne5 b5 14. f4 b4 15. f5 bxc3 16. Qxc3 Rfc8 17. fxe6 Qxe6 18. Nxc6 Qxc6 19. Qxc6 Rxc6 20. Nb3 Ra6 21. Ra1 Ra4 22. Rfd1 Rab4 23. Rac1 h6 24. Rc7 Ra4 25. Nc5 Rxa2 26. b3 Re8 27. Nd3 Ree2 28. Nf4 Re4 29. g3 g5 30. Rc6 Ng4 31. h3 Ne3 32. Nh5 Nxd1 33. Nf6+ Kg7 34. Nxe4 dxe4 35. d5 Rd2 36. d6 Ne3 37. Rc3 Nf5 0-1

[Event "CAN-ch w"]
[Site "Toronto CAN"]
[Date "2025.04.22"]
[Round "9.7"]
[White "Wang, Angela"]
[Black "Kucherenko, Olena"]
[Result "0-1"]
[WhiteElo "1551"]
[BlackElo "2049"]
[WhiteFideId "-1"]
[WhiteFideId "-1"]
[PlyCount "146"]
[GameId "2174556583992271"]
[EventDate "2025.04.17"]
[EventType "swiss"]
[EventRounds "9"]
[EventCountry "CAN"]

1. Nf3 Nf6 2. g3 d6 3. d4 c5 4. Bg2 g6 5. O-O Nbd7 6. c4 Bg7 7. Nc3 O-O 8. e4 cxd4 9. Nxd4 Ne5 10. Qb3 Nfd7 11. Na4 Qc7 12. c5 Nxc5 13. Nxc5 dxc5 14. Ne2 Be6 15. Qc2 Rfd8 16. Nf4 Bc4 17. Nd5 Rxd5 18. exd5 Bxf1 19. Kxf1 Rc8 20. Bf4 Qb6 21. Qe2 Qa6 22. Qxa6 bxa6 23. Bxe5 Bxe5 24. Rb1 Rb8 25. b3 c4 26. Be4 c3 27. Rc1 Rb4 28. Bd3 a5 29. Bc4 Kf8 30. a4 Rb6 31. Rc2 Ke8 32. Ke1 g5 33. Re2 Bg7 34. Kd1 Kd8 35. Kc2 g4 36. Re4 h5 37. Rf4 Rf6 38. Rxf6 Bxf6 39. Be2 Bd4 40. f3 f5 41. fxg4 fxg4 42. Bf1 Kc7 43. h3 gxh3 44. Bxh3 Kd6 45. Be6 Be5 46. Bf7 Kc5 47. Bxh5 Kxd5 48. g4 Ke4 49. Bg6+ Kf4 50. Bf5 Bg7 51. Be6 Ke5 52. Bc8 Kd5 53. Bb7+ Kd4 54. Bc8 e5 55. Bf5 e4 56. Bg6 Ke3 57. g5 Kf3 58. Kd1 e3 59. Bd3 Kf2 60. g6 Bf6 61. Bc4 Kf3 62. Be2+ Kf2 63. Bd3 Bg7 64. Bc4 c2+ 65. Kxc2 e2 66. Bxe2 Kxe2 67. Kb1 Kd2 68. Ka2 Kc3 69. Ka3 Bf8+ 70. Ka2 Kb4 71. Kb2 Bg7+ 72. Ka2 Bf6 73. Kb1 Kxb3 0-1

[Event "CAN-ch w"]
[Site "Toronto CAN"]
[Date "2025.04.22"]
[Round "9.8"]
[White "Xie, Irene"]
[Black "Roque, Alexa"]
[Result "1/2-1/2"]
[WhiteElo "1949"]
[BlackElo "1610"]
[WhiteFideId "-1"]
[WhiteFideId "-1"]
[PlyCount "124"]
[GameId "2174560304253911"]
[EventDate "2025.04.17"]
[EventType "swiss"]
[EventRounds "9"]
[EventCountry "CAN"]

1. e4 c6 2. d4 d5 3. Nd2 dxe4 4. Nxe4 Nf6 5. Nxf6+ exf6 6. c3 Bd6 7. Bd3 O-O 8. Qc2 h5 9. Ne2 Re8 10. Be3 Nd7 11. O-O-O Nf8 12. c4 Be6 13. Nc3 a5 14. c5 Bc7 15. Be4 Qc8 16. Kb1 f5 17. Bd3 f4 18. Bc1 Nd7 19. Ne2 Bd5 20. Nxf4 Nf6 21. Nxd5 Nxd5 22. a3 Qe6 23. Bc4 Rad8 24. Bg5 Rb8 25. Bc1 Rbd8 26. Ka1 Qf6 27. Ba2 Nf4 28. Bxf4 Bxf4 29. d5 Be5 30. Rd2 Bf4 31. Rd3 Qf5 32. d6 b6 33. g3 Be5 34. cxb6 Rxd6 35. Bc4 Rb8 36. Qb3 Rxd3 37. Bxd3 Qxf2 38. Rf1 Rxb6 39. Rxf2 Rxb3 40. Bc4 Rb7 41. Kb1 Bd4 42. Rd2 c5 43. b3 Kf8 44. Kc2 g5 45. Kd3 Re7 46. Re2 Rxe2 47. Kxe2 Ke7 48. Kf3 f5 49. Kg2 Kf6 50. Kf3 Kg6 51. a4 g4+ 52. Kg2 Kg5 53. Be6 f4 54. gxf4+ Kxf4 55. h3 g3 56. Bf7 h4 57. Be6 Ke3 58. Bc4 Bf6 59. Bb5 Kd4 60. Bc4 Kc3 61. Be6 Kb4 62. Bc4 Be7 1/2-1/2

[Event "CAN-ch w"]
[Site "Toronto CAN"]
[Date "2025.04.22"]
[Round "9.9"]
[White "Fu, Ashley"]
[Black "Koop, Alison"]
[Result "1-0"]
[WhiteElo "1535"]
[BlackElo "1633"]
[WhiteFideId "-1"]
[WhiteFideId "-1"]
[PlyCount "86"]
[GameId "2174580598967269"]
[EventDate "2025.04.17"]
[EventType "swiss"]
[EventRounds "9"]
[EventCountry "CAN"]

1. e4 c5 2. c3 Nf6 3. e5 Nd5 4. d4 cxd4 5. Nf3 Nc6 6. cxd4 d6 7. exd6 Qxd6 8. a3 g6 9. Nc3 Bg7 10. Bc4 Be6 11. Qb3 Rd8 12. Ne4 Qb8 13. Nc5 Nxd4 14. Nxd4 Bxd4 15. Qb5+ Kf8 16. Nxe6+ fxe6 17. O-O Kg7 18. Rd1 a6 19. Qb3 Qa7 20. Qh3 Bxf2+ 21. Kh1 Ne3 22. Rf1 Nxc4 23. Bh6+ Kf7 24. Qf3+ Ke8 25. Rxf2 Ne5 26. Qf4 Nd3 27. Qf7+ Kd7 28. Rd2 Kc7 29. Qxe7+ Rd7 30. Rc2+ Kb8 31. Qxd7 Nf2+ 32. Rxf2 Qxf2 33. Bg7 Rg8 34. Be5+ Ka8 35. Rc1 Qf8 36. Qxe6 Qd8 37. Bc7 Qf8 38. Qb6 Qh6 39. Rc4 Qh5 40. h3 Re8 41. Bg3 Qd5 42. Rb4 Re2 43. Bf2 Kb8 1-0

[Event "CAN-ch w"]
[Site "Toronto CAN"]
[Date "2025.04.22"]
[Round "9.10"]
[White "Fiset, Anais Chloe"]
[Black "Li, Alyssa"]
[Result "1-0"]
[WhiteElo "1808"]
[BlackElo "1464"]
[WhiteFideId "-1"]
[WhiteFideId "-1"]
[PlyCount "71"]
[GameId "2174607978691565"]
[EventDate "2025.04.17"]
[EventType "swiss"]
[EventRounds "9"]
[EventCountry "CAN"]

1. e4 d6 2. d4 Nf6 3. Nc3 g6 4. h3 Bg7 5. Be3 O-O 6. Qd2 e5 7. O-O-O Nbd7 8. g4 Qe7 9. Bg2 exd4 10. Bxd4 Nc5 11. Re1 Nfd7 12. Bxg7 Kxg7 13. Nd5 Qd8 14. h4 Ne5 15. h5 Rh8 16. h6+ Kf8 17. g5 Be6 18. f4 Bxd5 19. exd5 Ned7 20. Qc3 f6 21. b4 Na4 22. Qd4 Kf7 23. Bh3 Re8 24. Nf3 Nab6 25. Re6 c5 26. Qd2 Qc7 27. gxf6 Nxf6 28. Ng5+ Kg8 29. Rxf6 cxb4 30. Be6+ Rxe6 31. dxe6 Qc6 32. Re1 Nc4 33. Qd4 Rc8 34. Rxg6+ Kf8 35. Qf6+ Ke8 36. Rg8# 1-0

[Event "CAN-ch w"]
[Site "Toronto CAN"]
[Date "2025.04.22"]
[Round "9.11"]
[White "Butenko, Zlata"]
[Black "Xiao, Stephanie"]
[Result "1/2-1/2"]
[WhiteElo "1764"]
[BlackElo "1405"]
[WhiteFideId "-1"]
[WhiteFideId "-1"]
[PlyCount "112"]
[GameId "2174629226036213"]
[EventDate "2025.04.17"]
[EventType "swiss"]
[EventRounds "9"]
[EventCountry "CAN"]

1. e4 c5 2. Nf3 Nc6 3. d4 cxd4 4. Nxd4 Nf6 5. Nc3 e5 6. Ndb5 d6 7. Bg5 a6 8. Na3 b5 9. Nd5 Be7 10. Bxf6 gxf6 11. c3 f5 12. exf5 Bxf5 13. Nc2 Bg6 14. a4 bxa4 15. Rxa4 Rb8 16. Ncb4 Nxb4 17. Rxb4 Rxb4 18. Nxb4 O-O 19. Bxa6 Qa8 20. Qd5 Be4 21. Qxa8 Bxa8 22. O-O d5 23. Nd3 Bf6 24. Re1 Re8 25. Nc5 Bc6 26. Nd3 Ba8 27. Nc5 Bc6 28. Bf1 e4 29. Rb1 Rb8 30. Na6 Rb6 31. Rc1 Rxb2 32. h3 Bg5 33. Rd1 Rd2 34. Rxd2 Bxd2 35. Nb4 Bb7 36. Na2 Kg7 37. Bb5 f5 38. Kf1 Kf6 39. Ke2 Bg5 40. Nb4 Ke6 41. g3 Bf6 42. Kd2 Kd6 43. Nc2 Kc5 44. Bd7 Bg5+ 45. Ne3 f4 46. gxf4 Bxf4 47. Kc2 Ba6 48. Bf5 h6 49. Ng4 Bd3+ 50. Kb2 Kc4 51. Ne3+ Bxe3 52. fxe3 Bf1 53. Kc2 Bd3+ 54. Kb2 Bf1 55. Kc2 Bd3+ 56. Kb2 Bf1 1/2-1/2